Normal view
MARC view
Entry Personal Name
001 - CONTROL NUMBER
- control field: 26810
003 - CONTROL NUMBER IDENTIFIER
- control field: OSt
005 - DATE AND TIME OF LATEST TRANSACTION
- control field: 20210811150609.0
008 - FIXED-LENGTH DATA ELEMENTS
- fixed length control field: 210811|| aca||aabn | a|a d
040 ## - CATALOGING SOURCE
- Original cataloging agency: OSt
- Transcribing agency: OSt
100 ## - HEADING--PERSONAL NAME
- Personal name: Muller, Michal and Jedlickova, Lenka
670 ## - SOURCE DATA FOUND
- Source citation: Work cat.: (OSt)517556: Muller, Michal and Jedlickova, Lenka, Several notes on the existential hermeneutic phenomenology for project management and possibilities of its extension by other existential concepts: Case study from the research project team
